000 00789nam a2200217 i 4500
001 115571
003 ES-MaACL
005 20250722183603.0
007 t|
008 070316s1927 mx ||||1| spa d
080 _a012(Juana Inés de la Cruz)
100 1 _aSchons, Dorothy.
_9104648
245 1 0 _aBibliografía de Sor Juana Inés de la Cruz /
_cDorothy Schons.
260 _aMéxico :
_b[s.n.],
_c1927 (
_eImp. de la Secretaría de Relaciones Exteriores)
300 _a67 p. ;
_c20 cm.
490 1 _aMonografías bibliográficas mexicanas ;
_v7
600 0 4 _aJuana Inés de la Cruz,
_cSor,
_d1651-1695-
_vBibliografías
_967142
830 0 _aMonografías bibliográficas mexicanas ;
_v7
_9186305
852 _aES-MaACL
_jB-13410 bis
_xOlim: B-13408-28
999 _c115571
_d115571